000 00440nam a2200157Ia 4500
008 190423s9999 xx 000 0 und d
100 _aMigala, Jessica
245 _aWake up smarter/
245 _cJessica Migala and Elisa Roland
260 _bReader's Digest Asia
260 _c2019
300 _aPages 62-66, February 2019
440 _aAsia Reader's Digest: The Power of fake pills
_v115:672
650 _aHealth
650 _aSleep
999 _c361502
_d361502